000 00430pab a2200157 454500
008 180718b2003 xxu||||| |||| 00| 0 eng d
100 _aClammer, John
245 _aGlobalisation, class, consumption and civil society in South -East Asian cities
260 _c2003
300 _ap.403-19.
362 _aFeb
650 _aGlobalization - South East Asia
650 _aGlobalization
773 _aUrban Studies
909 _a57025
999 _c57025
_d57025